La voluntad y la fortuna / (Registro nro. 10761)

Detalles MARC
000 -LIDER
fixed length control field 00885cam a2200313 4500
001 - NÚMERO DE CONTROL
Identificador de número de control a436945
003 - IDENTIFICACDOR DE NÚMERO DE CONTROL
control field DO-SdBNP
005 - DATE AND TIME OF LATEST TRANSACTION
control field 20171121135850.0
007 - CAMPOS FIJOS DE DESCRIPCIÓN FÍSICA
fixed length control field a436945
008 - ELEMENTOS DE LONGITUD FIJA
fixed length control field 081104s2008 mx | |||| 000 f spa
015 ## - NÚMERO DENTRO DE LA BIBLIOGRAFÍA NACIONAL
National bibliography number
017 ## - NÚMERO DE REGISTRO DE DERECHOS DE AUTOR
Copyright or legal deposit number
Assigning agency
020 ## - ISBN
International Standard Book Number 9789705804465
035 ## - NÚMERO LOCAL
System control number
040 ## - FUENTE DE CATALOGACIÓN
Agencia que crea de manera original el registro BPMSU
Idioma de catalogación spa
Agencia que realiza la transcripción BPMSU
Convenciones de la despripción
080 ## - NÚMERO DE CLASIFICACIÓN DECIMAL UNIVERSAL
Universal Decimal Classification number
082 #4 - NÚMERO DE CLASIFICACIÓN DECIMAL DE DEWEY
Classification number M863.4
Item number F954L
100 1# - ASIENTO PRINCIPAL -- NOMBRE PERSONAL
Nombre personal Fuentes, Carlos
Fechas asociadas con el nombre 1928-2012
245 10 - MENCIÓN DE TITULO
Título La voluntad y la fortuna /
Medio (Designación general de material)
Mención de responsabilidad Carlos Fuentes
260 0# - PUBLICACIÓN, DISTRIBUCIÓN, ETC. (PIE DE IMPRENTA)
Lugar de publicación, distribución, etc México, D.F.:
Nombre del editor, distribuidor, etc. Alfaguara,
Fecha de publicación, distribución, etc 2008
300 ## - DESCRIPCIÓN FÍSICA
Extensión 552 p.;
Dimensiones 24 cm
500 ## - NOTA GENERAL
Materiales especificados Incluye datos biográficas del autor en la solapa de la cubierta
650 #4 - ENCABEZAMIENTO DE MATERIA--TEMÁTICO
Término temático o nombre geográfico como elemento de entrada NOVELA MEXICANA
650 #4 - ENCABEZAMIENTO DE MATERIA--TEMÁTICO
Término temático o nombre geográfico como elemento de entrada LITERATURA MEXICANA
910 ## - VALIDACIÓN
Validación Validado. Control de calidad MFF
942 ## - ADDED ENTRY ELEMENTS (KOHA)
Source of classification or shelving scheme Dewey Decimal Classification
Koha item type Libros
945 ## - INFORMACIÓN DE PROCESAMIENTO LOCAL
Información de procesamiento local Innventariado extranjero / 2017 VM
956 ## - LOCAL ELECTRONIC LOCATION AND ACCESS (OCLC)
Nombre de host VMATEO
Número de acceso 10
Información de compresión 20160707
Trayectoria BPMSU
Nombre Electrónico 00069
Existencias
Withdrawn status Lost status Source of classification or shelving scheme Damaged status Not for loan Collection code Home library Current library Date acquired Source of acquisition Total Checkouts Full call number Barcode Date last seen Price effective from Koha item type Copy number
    Dewey Decimal Classification     Colección General Biblioteca Pública Metropolitana Salomé Ureña Biblioteca Pública Metropolitana Salomé Ureña 07/07/2016 ALFAGUARA   M863.4 F954L BPMSU16070227 07/07/2016 07/07/2016 Libros  
    Dewey Decimal Classification     Colección General Biblioteca Pública Metropolitana Salomé Ureña Biblioteca Pública Metropolitana Salomé Ureña 07/07/2016 ALFAGUARA   M863.4 F954L BPMSU16070228 07/07/2016 07/07/2016 Libros e. 2
    Dewey Decimal Classification     Colección General Biblioteca Pública Metropolitana Salomé Ureña Biblioteca Pública Metropolitana Salomé Ureña 07/07/2016 ALFAGUARA   M863.4 F954L BPMSU16070229 07/07/2016 07/07/2016 Libros e. 3